Geography Quiz

Random Geography or Asia Quiz

Invisible Countries of Asia Quiz Stats

 Plays Quiz Updated Aug 8, 2013

Support Sporcle.
Go Orange.
Score 0/49 Timer 07:00
5 Plays Today
% Correct
China
97.7%
Japan
95.8%
India
95.2%
North Korea
93.6%
South Korea
93.6%
Russia
92.4%
Pakistan
92%
Iran
91.2%
Vietnam
91.2%
Iraq
91.1%
Indonesia
90.1%
Mongolia
89.9%
Laos
89.8%
Afghanistan
89.7%
Thailand
89.5%
Saudi Arabia
88.1%
Israel
88%
Nepal
88%
Cambodia
87.3%
Yemen
86.3%
Oman
85.6%
Malaysia
85.5%
United Arab Emirates
85.3%
Jordan
84.4%
Turkmenistan
84.3%
% Correct
Kazakhstan
84.1%
Syria
84.1%
Bangladesh
84%
Uzbekistan
83.8%
Sri Lanka
83.8%
Turkey
83.7%
Myanmar
83.5%
Singapore
82.9%
Taiwan
82.6%
Philippines
82.4%
Qatar
81.2%
Lebanon
80.6%
Georgia
80.6%
Bhutan
80.3%
Kuwait
80.3%
Azerbaijan
80%
Tajikistan
79.5%
Kyrgyzstan
78.4%
Armenia
77.4%
Bahrain
73.9%
Brunei
72.8%
Palestine
70.8%
Maldives
68.9%
Timor Leste
67.2%

From the Vault

Isms

by Ben

Don't worry, we didn't include antidisestablishmentarianism.
Remove Ads.
Support Sporcle.
Get the best of Sporcle when you Go Orange. This ad-free experience offers more features, more stats, and more fun while also helping to support Sporcle. Thank you for becoming a member.

Show Comments

Extras

Top Quizzes Today


Score Distribution

Your Account Isn't Verified!

In order to create a playlist on Sporcle, you need to verify the email address you used during registration. Go to your Sporcle Settings to finish the process.

Report this User

Report this user for behavior that violates our Community Guidelines.

Details: